| 000 | 00864 a2200193 4500 | ||
|---|---|---|---|
| 003 | NUST | ||
| 005 | 20251124185537.0 | ||
| 040 | _cNust | ||
| 082 | _a621.382,IRF | ||
| 100 |
_aIrfan, Muhammad TE-45/TCC-20 _9131489 |
||
| 245 |
_aAutomated Home System Using Das with GSM Support / _cMuhammad Irfan ,Taimur Khan , Abdul Saboor TE-45/TCC-20 |
||
| 260 |
_aRawalpindi _bMCS (NUST) _c2012 |
||
| 300 | _ax , 68 p.; | ||
| 505 | _aIntroduction (Page-1), Typed and Application of Home Automation (Page-4), home Automation (Page-9), Microcontrollers (Page-17), Serial Communication (Page-24), Programming Languages (Page-28), Sensors (Page-31), Hardware Implementation (Page-36), bibliography (Page-67). | ||
| 650 |
_aAutomatted Home System _9131490 |
||
| 651 |
_aTE-45/TCC-20 _9131491 |
||
| 700 |
_aSupervised by Asst Prof Maj (R) Fazal Ahmed _9131878 |
||
| 942 |
_cPR _2ddc |
||
| 999 |
_c190666 _d190666 |
||